LEADER 02954nam 22005054a 450 001 996217135603316 005 20221206182923.0 010 $a1-281-84567-1 010 $a1-84765-006-6 035 $a(CKB)1000000000336252 035 $a(CtWfDGI)bkf00015676 035 $a(SSID)ssj0000122594 035 $a(PQKBManifestationID)11142720 035 $a(PQKBTitleCode)TC0000122594 035 $a(PQKBWorkID)10130812 035 $a(PQKB)11395978 035 $a(MiAaPQ)EBC305729 035 $a(Au-PeEL)EBL305729 035 $a(OCoLC)808626192 035 $a(EXLCZ)991000000000336252 100 $a20061108d2004 uy 0 101 0 $aeng 135 $aurzn|||||| 181 $ctxt 182 $cc 183 $acr 200 14$aThe city$b[electronic resource] $ea guide to London's global financial centre /$fRichard Roberts 210 $aLondon $cEconomist in association with Profile Books$dc2004 215 $a344 p. $cill 300 $aTitle from title screen. 311 $a1-86197-632-1 320 $aIncludes bibliographical references (p. 329-331) and index. 327 $aAbout the city -- From the Royal Exchange to Canary Wharf -- Financial markets and instruments -- The sell-side : investment banking and securities -- The buy-side : investors and asset management -- Banking, payments, and specialist financial institutions -- Insurance -- Professional and support services -- Shipping and commodities -- Bank of England -- Regulation -- Financial centre league tables -- City scandals and calamities -- Challenges and outlook. 330 $aDesigned as a companion to Richard Roberts's earlier Economist guide to Wall Street, The City provides comprehensive, relevant and up-to-date coverage of what goes on in the City and its role as a global financial centre and as the leading financial centre in Europe. Individual chapters focus on the City's various wholesale international financial markets and institutions - from the money markets to the securities industry, commodities to shipping, the Bank of England to the Financial Services Authority. Other chapters review its historical development and the scandals that have dogged its reputation. Finally, the book looks at the outlook for the City and the challenges it faces - the current downturn, the impact of developments in communications technology, the threat from Wall Street, and what difference the euro is making and will make. In addition, there are appendices giving details of City institutions and organisations, profiles of the principal City players, and key City events from the late 17th century. 606 $aFinancial institutions$zEngland$zLondon 615 0$aFinancial institutions 676 $a332.109421 700 $aRoberts$b Richard$f1952-$01006894 801 0$bMiAaPQ 801 1$bMiAaPQ 801 2$bMiAaPQ 906 $aBOOK 912 $a996217135603316 996 $aThe city$92558509 997 $aUNISA LEADER 04018nam 2200601Ia 450 001 996213070903316 005 20230721025607.0 010 $a1-280-74892-3 010 $a9786610748921 010 $a0-470-76478-3 010 $a0-470-75091-X 010 $a1-4051-7229-0 035 $a(CKB)1000000000341792 035 $a(EBL)284100 035 $a(SSID)ssj0000149292 035 $a(PQKBManifestationID)11154422 035 $a(PQKBTitleCode)TC0000149292 035 $a(PQKBWorkID)10238002 035 $a(PQKB)11516003 035 $a(MiAaPQ)EBC284100 035 $a(OCoLC)184983304 035 $a(EXLCZ)991000000000341792 100 $a20060309d2007 uy 0 101 0 $aeng 135 $aur|n|---||||| 181 $ctxt 182 $cc 183 $acr 200 10$aEssential cardiac electrophysiology$b[electronic resource] $ewith self assessment /$fZainul Abedin & Robert Conner 210 $aOxford $cBlackwell$d2007 215 $a1 online resource (312 p.) 300 $aDescription based upon print version of record. 311 $a1-4051-5108-0 327 $aEssential Cardiac Electrophysiology With Self Assessment; Contents; Foreword; Preface; Acknowledgements; List of Abbreviations; 1 Ions, channels, and currents; 1.1 Potassium channels and currents; 1.2 Sodium channels and currents; 1.3 Calcium channels and currents; 2 Electrophysiologic effects of cardiac autonomic activity; 2.1 Adrenergic receptors; 2.2 Cholinergic receptors; 2.3 Purinergic receptors; 3 Mechanisms of arrhythmias; 4 Sinus node dysfunction and AV blocks; 5 Supraventricular tachycardia; 5.1 Atrial flutter; 5.2 Atrial tachycardias; 5.3 Atrial fibrillation 327 $a5.4 Automatic junctional tachycardia5.5 AV node reentry tachycardias; 5.6 AV reentrant tachycardia; 6 Differential diagnosis of wide complex tachycardia; 7 Ventricular tachycardia and ventricular fibrillation; 7.1 Ventricular tachycardia in the presence of coronary artery disease; 7.2 Arrhythmogenic right ventricular dysplasia/cardiomyopathy ARVD/C; 7.3 Ventricular arrhythmias in hypertrophic and dilated ardiomyopathy; 7.4 Long QT syndrome and Torsade de Pointes; 7.5 Brugada syndrome; 7.6 Ventricular tachycardia in structurally normal heart; 7.7 Bundle branch reentry ventricular tachycardia 327 $a7.8 Catecholaminergic polymorphic ventricular tachycardia7.9 Miscellaneous forms of ventricular arrhythmias; 8 Sudden cardiac death and risk stratification; 9 Cardiac arrhythmias in patients with neuro-muscular disorders; 10 Syncope; 11 Pharmacologic therapy of arrhythmias; 11.1 Pharmacologic principles as applied to antiarrhythmic drugs; 11.2 Antiarrhythmic drugs; 11.3 Beta blockers; 11.4 Class III antiarrhythmic drugs; 11.5 Calcium channel blockers; 11.6 Adenosine; 11.7 Digoxin; 12 Electrical therapy for cardiac arrhythmias; 12.1 Cardioversion defibrillation; 12.2 Pacemakers 327 $a12.3 Implantable defibrillatorsSelf-assessment answers; Index 330 $aThis concise collection of electrophysiological facts prepares you to face the clinical questions surrounding arrhythmia and conduction disorders with confidence. Clear and direct, the book offers: succinct factual information supported by illustrations, tables, and references self-assessment questions for each chapter, to test your knowledge of the area Essential Cardiac Electrophysiology summarizes the fundamental information that forms the basis of the modern approach to cardiac arrhythmias, from an explanation of the electrophysiologic e 606 $aHeart$xElectric properties 606 $aElectrocardiography 615 0$aHeart$xElectric properties. 615 0$aElectrocardiography. 676 $a612.171 676 $a616.128 700 $aAbedin$b Zainul$cMD.$0856383 701 $aConner$b Robert P$0897078 801 0$bMiAaPQ 801 1$bMiAaPQ 801 2$bMiAaPQ 906 $aBOOK 912 $a996213070903316 996 $aEssential cardiac electrophysiology$92004376 997 $aUNISA LEADER 03310nas 2200961-a 450 001 9910407557003321 005 20240129213017.0 011 $a1469-1833 035 $a(DE-599)ZDB1499945-6 035 $a(OCoLC)44166459 035 $a(CKB)954925342771 035 $a(CONSER)--2008233606 035 $a(EXLCZ)99954925342771 100 $a20000602a19939999 s-- a 101 0 $aeng 135 $aurmnu|||||||| 181 $ctxt$2rdacontent 182 $cc$2rdamedia 183 $acr$2rdacarrier 200 00$aBehavioural and cognitive psychotherapy 210 $a[Cambridge, England] $cCambridge University Press 215 $a1 online resource 300 $aRefereed/Peer-reviewed 311 $a1352-4658 517 3 $aBehavioral and cognitive psychotherapy 531 $aBEHAV COGN PSYCHOTH 531 $aBEHAVIOURAL & COGNITIVE PSYCHOTHERAPY 531 $aBEHAV COGN PSYCHOTHER 531 $aBEHAV. COGNIT. PSYCHTHER 531 1 $aBehav. cogn. psychother. 606 $aBehavior therapy$vPeriodicals 606 $aCognitive therapy$vPeriodicals 606 $aBehavior Therapy 606 $aCognitive Behavioral Therapy 606 $aMental Disorders$xtherapy 606 $aPsychotherapy 606 $aThérapie de comportement$3(CaQQLa)201-0047445$vPériodiques$3(CaQQLa)201-0378307 606 $aPsychothérapie$3(CaQQLa)201-0000836$vPériodiques$3(CaQQLa)201-0378307 606 $aThérapie cognitive$3(CaQQLa)201-0064043 606 $aMaladies mentales$xTraitement$3(CaQQLa)201-0198781 606 $aPsychothérapie$3(CaQQLa)201-0000836 606 $aPsychotherapy$2fast$3(OCoLC)fst01081755 606 $aMental illness$xTreatment$2fast$3(OCoLC)fst01016606 606 $aBehavior therapy$2fast$3(OCoLC)fst00829929 606 $aCognitive therapy$2fast$3(OCoLC)fst01432033 606 $aKognitive Psychotherapie$2gnd$3(DE-588)4164472-4 606 $aZeitschrift$2gnd$3(DE-588)4067488-5 606 $aOnline-Ressource$2gnd$3(DE-588)4511937-5 606 $aVerhaltenstherapie$2gnd$3(DE-588)4062874-7 606 $aCognitieve therapie$2gtt 606 $aGedragstherapie$2gtt 608 $aPeriodical. 608 $aperiodicals.$2aat 608 $aPeriodicals.$2fast 608 $aPeriodicals.$2lcgft 608 $aPériodiques.$2rvmgf 615 0$aBehavior therapy 615 0$aCognitive therapy 615 2$aBehavior Therapy. 615 2$aCognitive Behavioral Therapy. 615 2$aMental Disorders$xtherapy. 615 2$aPsychotherapy. 615 6$aThérapie de comportement 615 6$aPsychothérapie 615 6$aThérapie cognitive. 615 6$aMaladies mentales$xTraitement. 615 6$aPsychothérapie. 615 7$aPsychotherapy. 615 7$aMental illness$xTreatment. 615 7$aBehavior therapy. 615 7$aCognitive therapy. 615 7$aKognitive Psychotherapie 615 7$aZeitschrift 615 7$aOnline-Ressource 615 7$aVerhaltenstherapie 615 17$aCognitieve therapie. 615 17$aGedragstherapie. 676 $a616.89142 712 02$aBritish Association for Behavioural and Cognitive Psychotherapies. 906 $aJOURNAL 912 $a9910407557003321 996 $aBehavioural and cognitive psychotherapy$91893324 997 $aUNINA